Sémantické a kognitívne aspekty skúmania didakticky zameraného odborného textu z oblasti biológie
Salvato in:
| Autore principale: | |
|---|---|
| Altri autori: | , |
| Natura: | Libro |
| Lingua: | slovacco |
| Pubblicazione: |
Banská Bystrica
Univerzita Mateja Bela
2010
|
| Edizione: | 1. vydanie |
| Soggetti: | |
| Tags: |
Nessun Tag, puoi essere il primo ad aggiungerne!!
|
MARC
| LEADER | 00000nam a2200000 4500 | ||
|---|---|---|---|
| 001 | 0272117 | ||
| 005 | 20240502074306.3 | ||
| 020 | |a 978-80-557-0048-9 | ||
| 041 | 0 | |a slo | |
| 044 | |a SK | ||
| 245 | 1 | 0 | |a Sémantické a kognitívne aspekty skúmania didakticky zameraného odborného textu z oblasti biológie |c Zuzana Gašová ; recenzenti: Ivica Lenčová, Veronika Deáková |
| 250 | |a 1. vydanie | ||
| 264 | 1 | |a Banská Bystrica |b Univerzita Mateja Bela |c 2010 | |
| 300 | |a 59 s. [3 AH] | ||
| 610 | 2 | 0 | |a sémantika |
| 610 | 2 | 0 | |a didaktika |
| 610 | 2 | 0 | |a biológia |
| 610 | 2 | 0 | |a jazykoveda |
| 610 | 2 | 0 | |a jazyk odborný |
| 100 | 1 | |a Gašová, Zuzana, 1977- | |
| 700 | 1 | |a Lenčová, Ivica | |
| 700 | 1 | |a Deáková, Veronika | |